000 01299naa a22002777a 4500
001 BR9600373
003 BR-BrBNA
005 20240918181810.0
007 ta
008 230509b bl.||||| |||| 00| 0 por d
040 _aBR-BrBNA
_bpor
_cBiblioteca Nacional de Agricultura
041 _a(Pt)
072 _aK10
090 _aK10 BR9600373
100 1 _aWaldhoff, P.
100 1 _aViana, V.M.
111 1 _a1. Congresso Florestal Panamericano7. Congresso Florestal Brasileiro
_cCuritiba, PR (Brazil)
_d19-24 Sep 1993
245 1 _aEfeito de borda em um fragmento Mata Atlantica em Linhares
260 3 _aCuritiba, PR (Brasil):
_c1993.
500 _aAnais. 1. Congresso Florestal Panamericano. 7. Congresso Florestal Brasileiro. Floresta para o desenvolvimento: politica, ambiente, tecnologia e mercado. Trabalhos voluntarios e posters. v. 1. Curitiba, PR (Brasil): 1993. p. 41-44 (BR9600373-AM)K10
650 _aRecurso Florestal
650 _aEspirito Santo
773 0 _tAnais. 1. Congresso Florestal Panamericano. 7. Congresso Florestal Brasileiro. Floresta para o desenvolvimento: politica, ambiente, tecnologia e mercado. Trabalhos voluntarios e posters. v. 1.
_wK10 BR9600373
_gCuritiba, PR (Brasil), 1993. p. 41-44
909 _a202404
_bLucia
_c55
_dLucia Elande
942 _cAM
_2AGRIS
999 _c326884
_d326884